000 00476nam a2200181Ia 4500
001 17707
005 20260306171537.0
008 260306s9999||||xx |||||||||||||| ||und||
041 _aESP
082 _a658.15
_bL22
100 _aLangdon, Ken
_eAUT
245 0 _aSmart:
_blo fundamental y lo más efectivo acerca de las finanzas en los negocios
260 _c2001
300 _axxi, 250 páginas :
_c21 cm.
650 _aGEN
654 _aCAN
942 _cLIB
_dJUS
_fJUS
_2ddc
_n
999 _c17707
_d17707